000
00433nam a2200133Ia 4500
008
151001s9999||||xx |||||||||||||| ||und||
100
_a
रमाकांत बोंगाळे
245
_a
यथार्थ पसायदान व अभंग रत्नमाला
250
_a
1
260
_b
"गवळी प्रकाशन, इस्लामपूर"
260
_c
2013
300
_a
158
365
_b
21
999
_c
1001333
_d
1001330